Presencia y evocación (Record no. 5191)
[ view plain ]
| 000 -CABECERA | |
|---|---|
| campo de control de longitud fija | 00812nam a2200217 a 4500 |
| 001 - NÚMERO DE CONTROL | |
| campo de control | BRCA_5497 |
| 005 - FECHA Y HORA DE LA ÚLTIMA TRANSACCIÓN | |
| campo de control | 20190320205114.0 |
| 008 - DATOS DE LONGITUD FIJA--INFORMACIÓN GENERAL | |
| campo de control de longitud fija | 030211s2008----mx-a######---#000-0#spa-# |
| 020 ## - NÚMERO INTERNACIONAL ESTÁNDAR DEL LIBRO | |
| Número Internacional Estándar del Libro | 9789685789486 |
| 041 ## - CÓDIGO DE LENGUA | |
| Código de lengua del texto/banda sonora o título independiente | spa |
| 044 ## - CÓDIGO DEL PAÍS DE LA ENTIDAD EDITORA/PRODUCTORA | |
| Código MARC del país | mx |
| 050 #4 - SIGNATURA TOPOGRÁFICA DE LA BIBLIOTECA DEL CONGRESO | |
| Número de clasificación | N910.M36 |
| Número de documento/Ítem | .P74 2008 |
| 245 10 - MENCIÓN DE TÍTULO | |
| Título | Presencia y evocación |
| Resto del título | retratos de la colección del Museo Nacional de Arte |
| Mención de responsabilidad, etc. | textos Dafne Cruz Porchini ... [et al.]. |
| 260 ## - PUBLICACIÓN, DISTRIBUCIÓN, ETC. | |
| Lugar de publicación, distribución, etc. | México |
| Nombre del editor, distribuidor, etc. | INBA |
| Fecha de publicación, distribución, etc. | 2008 |
| 300 ## - DESCRIPCIÓN FÍSICA | |
| Extensión | 103 p. |
| Otras características físicas | il. a color |
| Dimensiones | 27 cm. |
| 500 ## - NOTA GENERAL | |
| Nota general | Incluye lista de obra |
| 500 ## - NOTA GENERAL | |
| Nota general | Catálogo de la exposición realizada en el Museo Nacional de Arte (Ciudad de México), septiembre - diciembre, 2008 |
| 610 24 - PUNTO DE ACCESO ADICIONAL DE MATERIA--NOMBRE DE ENTIDAD CORPORATIVA | |
| Nombre de entidad corporativa o nombre de jurisdicción como elemento de entrada | Museo Nacional de Arte (Ciudad de México) |
| Subdivisión de forma | Retratos |
| Subdivisión general | Colecciones de arte |
| 9 (RLIN) | 14047 |
| 700 1# - PUNTO DE ACCESO ADICIONAL--NOMBRE DE PERSONA | |
| Nombre de persona | Cruz Porchini, Dafne |
| 9 (RLIN) | 14048 |
| 942 ## - ELEMENTOS DE PUNTO DE ACCESO ADICIONAL (KOHA) | |
| Fuente del sistema de clasificación o colocación | Library of Congress Classification |
| Tipo de ítem Koha | Libros |
| Estado de retiro | Estado de pérdida | Estado dañado | No para préstamo | Localización permanente | Ubicación/localización actual | Fecha de adquisición | Total de préstamos | Signatura topográfica completa | Código de barras | Fecha visto por última vez | Precio válido a partir de | Tipo de ítem Koha |
|---|---|---|---|---|---|---|---|---|---|---|---|---|
| El ejemplar forma parte de la colección y puede ser consultado según las políticas vigentes. | Biblioteca del Museo Franz Mayer (Rogerio Casas-Alatriste) | Biblioteca del Museo Franz Mayer (Rogerio Casas-Alatriste) | 02/02/2011 | N910.M36 .P74 2008 | 02757 | 22/03/2019 | 22/03/2019 | Libros |